000 00624nam a2200193 a 4500
005 20210219160142.0
008 080918s2000 mx r 000 0 spa d
035 _aUPN01000159561
049 _aUNE
080 _a341 (72) DER TomoII.
245 0 4 _aLos Derechos Sociales del Pueblo Mexicano/ Coordinación de Enrique Alvarez del Castillo.
260 _aMéxico : Manuel Porrúa, 1978.
300 _a668 p.
690 _aDerechos sociales y economicos- Mexico
690 _aDerechos humanos- Mexico
690 _aMexico- Derechos sociales y economicos
700 1 _aAlvarez del Castillo, Enrique
905 _aUNESCO
999 _c131675
_d131675